Type of Building or Structure - Statistics

General Stats
  • This quiz has been taken 16 times
  • The average score is 5 of 16
Answer Stats
Picture Answer % Correct
Cathedral
79%
Lighthouse
71%
Minaret
71%
Windmill
71%
Watermill
64%
Cooling Tower
43%
Obelisk
36%
Stupa
21%
Observatory
14%
Boathouse
7%
Dovecote
7%
Long Barrow
7%
Gopuram
0%
Longhouse
0%
Shinto Shrine
0%
Wharenui
0%
No matching quizzes found
Score Distribution
Percent of People with Each Score
Percentile by Number Answered
Your Score History
You have not taken this quiz